000 00911nam a2200241 i 4500
001 190452
003 ES-MaACL
005 20240111133450.0
008 210330s2018 sp 001 0 spa d
020 _a978-84-17295-55-4
100 1 _aValgañón Martínez, Asunción.
_9154128
245 1 0 _aAncianos maltratados :
_bel escarnio de la vejez /
_cAsunción Valgañón Martínez.
260 _aSevilla :
_bPunto Rojo Libros,
_c[2018]
300 _a164 p. ;
_c21 cm.
490 1 _aMis cuadernos favoritos
650 4 _aAncianos-
_xMalos tratos.
_9171154
830 1 _aMis cuadernos favoritos
_9225886
852 4 _aES-MaACL
_jA-14653
_9197629
_bR.152423
_cDEPO1
_dOlim: N-7653
_gAnotaciones manuscritas del autora
_hDonación: Asuncion Valgañon Martinez
903 _9154128
_aValgañón Martínez, Asunción
_ednr
942 _2udc
_cMONOGRAFIA
999 _c190452
_d190452